Регионална библиотека "Любен Каравелов" - Русе

Целуни ме, ако можеш (Запис номер 147506)

MARC детайли
000 -Лидер
Контролно поле с фиксирана дължина 01653nam a2200361 c 4500
003 - Код на организацията, давaща контролен номер
Контролно поле BLK
005 - Дата и час на последна редакция
Контролно поле 20230623094038.0
008 - Елементи от данни с фиксирана дължина
fixed length control field 180410b bul|||||r ||||||| ||bul||
010 ## - Наследен системен номер
LC control number KNG00153719000
020 ## - Международен стандартен номер на книга ISBN
Международен стандартен номер на книга ISBN 978-954-399-001-6
-- издат.: Санома Блясък България
040 ## - Източник на каталожния запис
Идентификатор на билиотеката - собственик на записа BLK
041 ## - Код за език
Код за езика на текст/звукозапис или на отделно заглавие Български
Код за езика КДБФ Български
072 #7 - Код за тематичната категория
Код организация bullib
Код за тематична категория Н83
Текст Чужда художествена литература Н
080 ## - УДК
Текстов определител УДК Американска литература (на САЩ)
УДК код - определител по УДК 821.111(73)
УДК определител -31
УДК - код + определител 821.111(73)-31
100 1# - Редна дума - Автор
Автор Филипс, Карли
Авторска отговорност първи автор
R(LIN) 325754
139 ## - Редно поле
Редна дума Филипс, Карли
Авторски знак Фили - Ф 50
245 10 - Сведения за заглавието
Заглавие Целуни ме, ако можеш
Редно поле (дума) Карли Филипс; прев. от англ. Анета Макариева-Лесева.
257 ## - Страна на издаване
Страна на създаване/издаване Съединени американски щати
260 ## - Област на издателските данни
-- София
Име на издателя, разпространителя и проч. Санома Блясък България
Година на издаване 2012
Печатница София : Инвестпрес
300 ## - Физическа характеристика
Страници 192 с.
Размери/Мащаб 20 см
380 ## - Жанр
Жанр Худож. лит.
490 1# - СЕРИИ (Колекции)
Име на серия Колекция Cosmopolitan
500 ## - Общи забележки
Забележка Ориг. загл. Kiss Me If You Can / Carly Philips ; Карли Филипс - псевд. на Karen Drogin. - Разпространява се като прил. на сп. Cosmopolitan
653 ## - Ключова дума – ненормативна
Ключова дума романтична проза
659 ## - Тематичен бюлетин
Тематичен бюлетин Н
700 1# - Други автори (авторска отговорност)
Лично име Макариева-Лесева, Анета Божидарова
Автороска отговорност (Описва отношението между автора и произведението) прев. от англ.
9 (RLIN) 91026
852 ## - Местоположение
Форматна сигнатура Цб 266663
856 4# - Електронен адрес и достъп
Електронен формат pdf - файл
Път до файла /url/
856 4# - Електронен адрес и достъп
Електронен формат pdf - файл
Път до файла /url/
942 ## - АРТИКУЛИ
Вид на библиотечния материал Книги
Скрит в OPAC Не
Koha issues (borrowed), all copies 5
944 ## - СЪЗДАВАНЕ И РЕДАКЦИЯ на ЗАПИСА
Създаване/Редакция Създаване
Дата на регистрацията/редакция 25.11.2013
Статус, дата на статуса ф /
Служител, извършил регистрацията/редакцията Пенка_Димитрова
944 ## - СЪЗДАВАНЕ И РЕДАКЦИЯ на ЗАПИСА
Създаване/Редакция Редакция
Дата на регистрацията/редакция 21.11.2014
Статус, дата на статуса ф /
Служител, извършил регистрацията/редакцията Людмила_Стоянова
999 ## - СИСТЕМНИ КОНТРОЛНИ НОМЕРА
Koha biblionumber 147506
Koha biblioitemnumber 147506
Наличности
Код за отписване Код за изгубен артикул Код за повреда Коз за рестрикции Код за отдаване Артикулен № Име на библиотеката - собственик Име на библиотеката, в която се намира в момента Статус (Текущо местоположение) Дата на вписване в системата Местоположение - отдел Цена в лева Инвентарен номер Систематично азбучна сигнатура Баркод Номер на екземпляра Цена в евро Служебна бележка Служебен тип на артикула Източник на класификационната схема
  Не е изгубен Не е повреден без рестрикции ползва се в читалня 245239 Регионална библиотека "Любен Каравелов" Русе Регионална библиотека "Любен Каравелов" Русе Хранилище 2013-11-22 Хранилище 12.00 120000772057 Цб 266663 120000772057 1 6.14 Дост: Dp Вид: Д N: 47 Дата: 22.11.2012 Книги  
  Не е изгубен Не е повреден без рестрикции заемане за дома 245240 Регионална библиотека "Любен Каравелов" Русе Регионална библиотека "Любен Каравелов" Русе Заемна - подръчен фонд 2014-11-05 Заемна - подръчен фонд 12.00 120000781897 П 821-31/Ф 50 120000781897 2 6.14 Дост: DA Вид: А N: 24 Дата: 05.11.2014 Дата инв: 15.02.2018 Бележки инв: П2018 Книги Universal Decimal Classification
Vip Innovations Ltd, Rousse, Bulgaria 2025